| 000 | 02060nam a2200577 a 4500 | ||
|---|---|---|---|
| 001 | 20922 | ||
| 003 | CZ PrNK | ||
| 005 | 20260206171858.0 | ||
| 007 | ta | ||
| 008 | 081106s2008 xr abcfe 000 0acze | ||
| 015 | _acnb001829189 | ||
| 020 |
_a9788072433780 _q(váz.) |
||
| 035 | _a(OCoLC)294939838 | ||
| 040 |
_aABA001 _bcze |
||
| 041 | 1 |
_acze _hger |
|
| 043 |
_ae-it--- _aah----- |
||
| 045 | _ax7y0 | ||
| 072 | 7 |
_a796 _xSport. Hry. Tělesná cvičení _2Konspekt |
|
| 080 |
_a796.52.071.2 _2MRF |
||
| 080 |
_a929 _2MRF |
||
| 080 |
_a910.4:796.52 _2MRF |
||
| 080 |
_a(450) _2MRF |
||
| 080 |
_a(5-191.2) _2MRF |
||
| 080 |
_a(541.35) _2MRF |
||
| 080 |
_a(0:82-94) _2MRF |
||
| 100 | 1 |
_aMessner, Reinhold, _d1944- _4aut |
|
| 245 | 1 | 0 |
_aEverest sólo : _bprůzračný horizont / _cReinhold Messner ; [přeložil Jaroslav Voříšek] |
| 246 | 3 | 0 | _aPrůzračný horizont |
| 250 | _a1. vyd. | ||
| 260 |
_aPraha : _bBrána, _c2008 |
||
| 300 |
_a165 s., [32] s. barev. obr. příl. : _bil. (některé barev.), mapy, portréty ; _c25 cm |
||
| 500 | _aPřeloženo z němčiny | ||
| 500 | _aChronologický přehled | ||
| 600 | 1 | 7 |
_aMessner, Reinhold, _d1944- _2czenas |
| 648 | 4 | _a1980 | |
| 648 | 7 |
_a20.-21. století _2czenas |
|
| 648 | 7 |
_a20. století _2czenas |
|
| 650 | 0 | 7 |
_ahorolezci _zItálie _y20.-21. století _2czenas |
| 650 | 0 | 7 |
_ahorolezecké expedice _zHimálaj (pohoří) _y20. století _2czenas |
| 650 | 0 | 9 |
_amountaineers _zItaly _y20th-21st centuries _2eczenas |
| 650 | 0 | 9 |
_amountaineering expeditions _zHimalaya Mountains _y20th century _2eczenas |
| 651 | 7 |
_aMount Everest (Himálaj, Čína a Nepál : hora) _2czenas |
|
| 651 | 9 |
_aMount Everest (Himalay, China and Nepal) _2eczenas |
|
| 655 | 7 |
_aautobiografické vzpomínky _2czenas |
|
| 655 | 9 |
_aautobiographical reminiscences _2eczenas |
|
| 765 | 0 | _tEverest solo | |
| 856 | 4 | 1 |
_uhttp://krameriusndk.nkp.cz/search/handle/uuid:1c20cf00-995c-11e3-a744-005056827e52 _yDigitalizovaný dokument |
| 901 |
_b9788072433780 _f1. vyd. _o20090122 |
||
| 910 | _aABA001 | ||
| 942 |
_2ddc _cOLDO _n0 |
||
| 999 |
_c20922 _d20922 |
||